ბათუმის შოთა რუსთაველის სახელმწიფო უნივერსიტეტის ბიბლიოთეკა

Экономика : (ბიბ.ჩანაწერი № 50472)

000 -LEADER
fixed length control field 01055nam a2200265Ia 4500
001 - CONTROL NUMBER
control field 17420
003 - CONTROL NUMBER IDENTIFIER
control field GE_BSU
005 - DATE AND TIME OF LATEST TRANSACTION
control field 20200213122841.0
008 - FIXED-LENGTH DATA ELEMENTS--GENERAL INFORMATION
fixed length control field 181216s2014 xx |||||||||||||| ||r ||
010 ## - LIBRARY OF CONGRESS CONTROL NUMBER
LC control number 9785865478058
040 ## - CATALOGING SOURCE
Transcribing agency GE_BSU
080 ## - UNIVERSAL DECIMAL CLASSIFICATION NUMBER
Universal Decimal Classification number 811.161.1 А-94
100 ## - MAIN ENTRY--PERSONAL NAME
Personal name Афанасьева,Н.Д.
9 (RLIN) 7031
245 ## - TITLE STATEMENT
Title Экономика :
Remainder of title Учеб.пособ. по языку специальности /
Statement of responsibility, etc. Н.Д. Афанасьева ; Любовь Лобанова ; Ред . О.С.Капполь.
250 ## - EDITION STATEMENT
Edition statement 2-е издание
264 ## - PRODUCTION, PUBLICATION, DISTRIBUTION, MANUFACTURE, AND COPYRIGHT NOTICE
Place of production, publication, distribution, manufacture Санкт-Петербург :
Name of producer, publisher, distributor, manufacturer Златоуст,
Date of production, publication, distribution, manufacture, or copyright notice 2014.
300 ## - PHYSICAL DESCRIPTION
Extent 96 стр.:
Dimensions 25 см
440 ## - SERIES STATEMENT/ADDED ENTRY--TITLE
Title Читаем тексты по специальности. Выпуск 6. Экономика
9 (RLIN) 7032
653 ## - INDEX TERM--UNCONTROLLED
keyword Экономика
653 ## - INDEX TERM--UNCONTROLLED
keyword ეკონომიკა
653 ## - INDEX TERM--UNCONTROLLED
keyword რუსული ენა
700 ## - ADDED ENTRY--PERSONAL NAME
Personal name Лобанова, Любовь
9 (RLIN) 7033
700 ## - ADDED ENTRY--PERSONAL NAME
Personal name Капполь, О.С.
Relator term რედაქტორი
9 (RLIN) 7034
942 ## - ADDED ENTRY ELEMENTS (KOHA)
Koha item type წიგნი
Source of classification or shelving scheme
ეგზემპლარები
Withdrawn status Lost status Source of classification or shelving scheme Damaged status Not for loan Permanent Location Current Location Shelving location Date acquired Cost, normal purchase price Full call number Barcode Date last seen Copy number Price effective from Koha item type Public note
          ბათუმის შოთა რუსთაველის სახელმწიფო უნივერსიტეტის მთავარი ბიბლიოთეკა ბათუმის შოთა რუსთაველის სახელმწიფო უნივერსიტეტის მთავარი ბიბლიოთეკა წიგნსაცავი 2018-12-17 22.00 811.161.1 А-94 45571 2018-12-17 45571 2018-12-17 წიგნი 22.00